Tropas al Golfo /

Fotos emblemáticas del periodismo gráfico argentino de los últimos 35 años cuentan la historia de la Argentina reciente. La serie se sumerge en los archivos fotográficos y se acerca a los hechos desde imágenes que condensan simbólicamente mucho más que lo fotografiado. Se trata de una mirada que, ad...

Descripción completa

Guardado en:
Autor Principal: Avruj, Nicolás.
Autor Corporativo: Canal Encuentro.
Formato: Deslizar
Publicado: Argentina, 2013
Series:Fotos. Retrato de un país
Materias:
Etiquetas: Agregar Etiqueta
Sin Etiquetas, Sea el primero en etiquetar este registro!
LEADER 02061ngm a22003255g 4500
001 CEM.cems023919
008 130507s2013##################0###0#####d
005 20250716150609.0
245 1 0 |a Tropas al Golfo /  |c Nicolás Avruj, Fernando Zuber y Diego Lerman. 
260 |a Argentina,  |c 2013 
300 |a 28'. 
490 0 |a Fotos. Retrato de un país 
500 |a Consultar en ventanilla. 
538 |a Soporte: DVD - Formato: AVI - Resolución: 720 x 540 - Grabación DRD 
520 |a Fotos emblemáticas del periodismo gráfico argentino de los últimos 35 años cuentan la historia de la Argentina reciente. La serie se sumerge en los archivos fotográficos y se acerca a los hechos desde imágenes que condensan simbólicamente mucho más que lo fotografiado. Se trata de una mirada que, además de detenerse en lo estético, se plantea un relato fotográfico de la historia. -- La guerra del Golfo Pérsico (2 de agosto de 1990 - 28 de febrero de 1991), o simplemente guerra del Golfo, fue una invasión librada por una fuerza de coalición autorizada por Naciones Unidas, compuesta por 34 países y liderada por Estados Unidos, contra la República de Irak en respuesta a la invasión y anexión iraquí del Estado de Kuwait. Argentina envía tropas. El polémico envío de medios y tropas navales fue decisión del entonces presidente Carlos Menem, que el 18 de septiembre de 1990, en su carácter de comandante en jefe de las Fuerzas Armadas, ordenó el alistamiento para participar del bloqueo económico a Irak en el marco de la operación "Escudo del desierto". 
100 1 |a Avruj, Nicolás. 
710 2 |a Canal Encuentro. 
082 9 8 |/ AVR-2 
653 |a HISTORIA 
653 |a HISTORIA ARGENTINA 
653 |a FOTOS 
653 |a FOTOGRAFIA 
653 |a FOTOGRAFIA ARGENTINA 
653 |a GUERRA DEL GOLFO 
653 |a GUERRA DEL GOLFO PERSICO 
653 |a SADDAM HUSSEIN 
653 |a MENEM 
653 |a MENEMISMO 
653 |a SERIE DE TELEVISIÓN 
859 |a CEMS  |b BIB. CEMS - Depto. Recursos Didacticos  |h 982  |i AVR-2  |k DRD  |p 2562.15  |t Ej.1